[Event "Villarobledo Online Qualifyer"]
[Site "playchess.com #155672"]
[Date "2009.05.23"]
[Round "13"]
[White "Too Easy"]
[Black "Àíòîíîâ"]
[Result "1-0"]
[WhiteElo "1618"]
[BlackElo "1882"]
[PlyCount "95"]
[EventDate "2009.05.23"]
[EventType "swiss (blitz)"]

1. e4 {[%emt 0:00:02]} c5 {[%emt 0:00:02]} 2. Nf3 {[%emt 0:00:01]} d6 {[%emt 0:
00:01]} 3. d4 {[%emt 0:00:00]} cxd4 {[%emt 0:00:01]} 4. Nxd4 {[%emt 0:00:00]}
Nf6 {[%emt 0:00:01]} 5. Nc3 {[%emt 0:00:00]} a6 {[%emt 0:00:01]} 6. Bg5 {[%emt
0:00:01]} e6 {[%emt 0:00:01]} 7. f4 {[%emt 0:00:00]} Be7 {[%emt 0:00:01]} 8.
Qf3 {[%emt 0:00:00]} Qc7 {[%emt 0:00:01]} 9. O-O-O {[%emt 0:00:01]} Nc6 {[%emt
0:00:02]} 10. Nxc6 {[%emt 0:00:05]} Qxc6 {[%emt 0:00:01]} 11. g4 {[%emt 0:00:
01]} b5 {[%emt 0:00:01]} 12. Bg2 {[%emt 0:00:01]} Bb7 {[%emt 0:00:01]} 13. a3 {
[%emt 0:00:36]} Rc8 {[%emt 0:00:05]} 14. Rhg1 {[%emt 0:00:02]} a5 {[%emt 0:00:
02]} 15. Qd3 {[%emt 0:00:21]} Qc4 {[%emt 0:00:25]} 16. Nxb5 {[%emt 0:00:13]}
Qa2 {[%emt 0:00:02]} 17. Nc3 {[%emt 0:00:12]} Qa1+ {[%emt 0:00:01]} 18. Nb1 {
[%emt 0:00:01]} O-O {[%emt 0:00:11]} 19. h3 {[%emt 0:00:04]} h6 {[%emt 0:00:05]
} 20. Bh4 {[%emt 0:00:04]} Rfe8 {[%emt 0:00:03]} 21. Be1 {[%emt 0:00:10]} d5 {
[%emt 0:00:02]} 22. exd5 {[%emt 0:00:11]} Bxd5 {[%emt 0:00:04]} 23. Bc3 {[%emt
0:00:10]} Qa2 {[%emt 0:00:12]} 24. g5 {[%emt 0:00:22]} hxg5 {[%emt 0:00:02]}
25. fxg5 {[%emt 0:00:01]} Bxg2 {[%emt 0:00:01]} 26. Rxg2 {[%emt 0:00:01]} Nd5 {
[%emt 0:00:01]} 27. h4 {[%emt 0:00:08]} Nxc3 {[%emt 0:00:08]} 28. Nxc3 {[%emt
0:00:01]} Qa1+ {[%emt 0:00:01]} 29. Kd2 {[%emt 0:00:01]} Qxb2 {[%emt 0:00:01]}
30. h5 {[%emt 0:00:27]} Qxa3 {[%emt 0:00:02]} 31. g6 {[%emt 0:00:04]} f6 {
[%emt 0:00:05]} 32. h6 {[%emt 0:00:02]} Bb4 {[%emt 0:00:01]} 33. hxg7 {[%emt 0:
00:24]} Qxc3+ {[%emt 0:00:03]} 34. Ke2 {[%emt 0:00:00]} Qxc2+ {[%emt 0:00:04]}
35. Kf3 {[%emt 0:00:05]} Rc3 {[%emt 0:00:07]} 36. Rxc2 {[%emt 0:00:03]} Rxd3+ {
[%emt 0:00:01]} 37. Rxd3 {[%emt 0:00:01]} Kxg7 {[%emt 0:00:02]} 38. Rd7+ {
[%emt 0:00:03]} Kxg6 {[%emt 0:00:01]} 39. Ke4 {[%emt 0:00:11]} Re7 {[%emt 0:01:
31] '} 40. Rg2+ {[%emt 0:00:03]} Kf7 {[%emt 0:00:01]} 41. Rd3 {[%emt 0:00:02]}
Rc7 {[%emt 0:00:10]} 42. Rh3 {[%emt 0:00:01]} f5+ {[%emt 0:00:07]} 43. Ke5 {
[%emt 0:00:05]} Rc5+ {[%emt 0:00:02]} 44. Kd6 {[%emt 0:00:01]} Rd5+ {[%emt 0:
00:01]} 45. Kc6 {[%emt 0:00:01]} Kf6 {[%emt 0:00:02]} 46. Rh6+ {[%emt 0:00:01]}
Ke7 {[%emt 0:00:04]} 47. Re2 {[%emt 0:00:01]} e5 {[%emt 0:00:01]} 48. Kxd5 {
[%emt 0:00:02] Àíòîíîâ resigns} 1-0

[Event "Villarobledo Online Qualifyer"]
[Site "playchess.com #155672"]
[Date "2009.05.23"]
[Round "13"]
[White "MateJaque"]
[Black "The bluff"]
[Result "0-1"]
[WhiteElo "2161"]
[BlackElo "2262"]
[PlyCount "84"]
[EventDate "2009.05.23"]
[EventType "swiss (blitz)"]

1. d4 {[%emt 0:00:00]} Nf6 {[%emt 0:00:01]} 2. c3 {[%emt 0:00:08]} d5 {[%emt 0:
00:08]} 3. f4 {[%emt 0:00:03]} Bg4 {[%emt 0:00:09]} 4. Qb3 {[%emt 0:00:07]} Qc8
{[%emt 0:00:17]} 5. e3 {[%emt 0:00:05]} e6 {[%emt 0:00:04]} 6. Bd3 {[%emt 0:00:
03]} Be7 {[%emt 0:00:03]} 7. Nd2 {[%emt 0:00:01]} Nbd7 {[%emt 0:00:03]} 8. h3 {
[%emt 0:00:09]} Bh5 {[%emt 0:00:01]} 9. g4 {[%emt 0:00:16]} Bg6 {[%emt 0:00:01]
} 10. f5 {[%emt 0:00:01]} exf5 {[%emt 0:00:02]} 11. gxf5 {[%emt 0:00:01]} Bh5 {
[%emt 0:00:01]} 12. Ne2 {[%emt 0:00:06]} Nb6 {[%emt 0:00:09]} 13. Nf4 {[%emt 0:
00:12]} Bd6 {[%emt 0:00:12]} 14. Nxh5 {[%emt 0:00:13]} Nxh5 {[%emt 0:00:01]}
15. Nf1 {[%emt 0:00:12]} Qd8 {[%emt 0:01:04]} 16. Bd2 {[%emt 0:00:12]} Qh4+ {
[%emt 0:00:02]} 17. Kd1 {[%emt 0:00:01]} Qf2 {[%emt 0:00:29]} 18. a4 {[%emt 0:
00:24]} Qg2 {[%emt 0:00:07]} 19. a5 {[%emt 0:00:02]} Nd7 {[%emt 0:00:26]} 20.
Qxb7 {[%emt 0:00:02]} O-O {[%emt 0:00:02]} 21. Qc6 {[%emt 0:00:06]} Ndf6 {
[%emt 0:00:03]} 22. Kc2 {[%emt 0:00:08]} Qxh1 {[%emt 0:00:01]} 23. Qa4 {[%emt
0:00:03]} Qxh3 {[%emt 0:00:01]} 24. Re1 {[%emt 0:00:13]} c5 {[%emt 0:00:01]}
25. Qc6 {[%emt 0:00:04]} Rfd8 {[%emt 0:00:05]} 26. dxc5 {[%emt 0:00:01]} Rac8 {
[%emt 0:00:03]} 27. Qxd6 {[%emt 0:00:14]} Rxd6 {[%emt 0:00:01]} 28. cxd6 {
[%emt 0:00:01]} Rd8 {[%emt 0:00:01]} 29. b4 {[%emt 0:00:07]} Rxd6 {[%emt 0:00:
02]} 30. b5 {[%emt 0:00:00]} Ng3 {[%emt 0:00:02]} 31. Nxg3 {[%emt 0:00:09]}
Qxg3 {[%emt 0:00:00]} 32. Rb1 {[%emt 0:00:02]} Ne4 {[%emt 0:00:01]} 33. b6 {
[%emt 0:00:04]} axb6 {[%emt 0:00:01]} 34. axb6 {[%emt 0:00:03]} Nxd2 {[%emt 0:
00:01]} 35. b7 {[%emt 0:00:02]} Rd8 {[%emt 0:00:01]} 36. Kxd2 {[%emt 0:00:02]}
Rb8 {[%emt 0:00:07]} 37. Ba6 {[%emt 0:00:07]} Qf2+ {[%emt 0:00:02]} 38. Be2 {
[%emt 0:00:04]} Qxf5 {[%emt 0:00:01]} 39. Bd3 {[%emt 0:00:01]} Qf2+ {[%emt 0:
00:01]} 40. Be2 {[%emt 0:00:21] .} h5 {[%emt 0:00:01]} 41. Rf1 {[%emt 0:00:13]}
Qg3 {[%emt 0:00:08] '} 42. Ba6 {[%emt 0:00:03]} Qg2+ {[%emt 0:00:03] Tiempo}
0-1

[Event "Villarobledo Online Qualifyer"]
[Site "playchess.com #155672"]
[Date "2009.05.23"]
[Round "13"]
[White "Torre repetto 2"]
[Black "Musterlukas"]
[Result "0-1"]
[WhiteElo "1615"]
[BlackElo "1703"]
[PlyCount "112"]
[EventDate "2009.05.23"]
[EventType "swiss (blitz)"]

1. e4 {[%emt 0:00:05]} c5 {[%emt 0:00:02]} 2. Nf3 {[%emt 0:00:05]} d6 {[%emt 0:
00:01]} 3. d4 {[%emt 0:00:01]} cxd4 {[%emt 0:00:01]} 4. Nxd4 {[%emt 0:00:03]}
Nf6 {[%emt 0:00:01]} 5. Nc3 {[%emt 0:00:04]} a6 {[%emt 0:00:07]} 6. Bd3 {[%emt
0:00:05]} e6 {[%emt 0:00:02]} 7. h3 {[%emt 0:00:06]} Nc6 {[%emt 0:00:02]} 8.
Nb3 {[%emt 0:00:03]} Be7 {[%emt 0:00:02]} 9. Be3 {[%emt 0:00:03]} b5 {[%emt 0:
00:03]} 10. a3 {[%emt 0:00:06]} Bb7 {[%emt 0:00:02]} 11. O-O {[%emt 0:00:06]}
O-O {[%emt 0:00:02]} 12. f3 {[%emt 0:00:05]} Qc7 {[%emt 0:00:01]} 13. Qe2 {
[%emt 0:00:01]} Rfd8 {[%emt 0:00:02]} 14. Rad1 {[%emt 0:00:03]} Ne5 {[%emt 0:
00:02]} 15. Qf2 {[%emt 0:00:05]} Rdc8 {[%emt 0:00:09]} 16. Bb6 {[%emt 0:00:06]}
Qd7 {[%emt 0:00:05]} 17. Rfe1 {[%emt 0:00:12]} Qe8 {[%emt 0:00:08]} 18. f4 {
[%emt 0:00:07]} Nc4 {[%emt 0:00:02]} 19. Bxc4 {[%emt 0:00:07]} Rxc4 {[%emt 0:
00:02]} 20. Rd4 {[%emt 0:00:10]} Qc6 {[%emt 0:00:05]} 21. Rxc4 {[%emt 0:00:03]}
bxc4 {[%emt 0:00:01]} 22. Nd2 {[%emt 0:00:04]} Rb8 {[%emt 0:00:06]} 23. a4 {
[%emt 0:00:04]} d5 {[%emt 0:00:08]} 24. exd5 {[%emt 0:00:05]} Nxd5 {[%emt 0:00:
01]} 25. Nxd5 {[%emt 0:00:01]} Qxd5 {[%emt 0:00:01]} 26. Re5 {[%emt 0:00:08]
Torre repetto 2 ofrece tablas} Qc6 {[%emt 0:00:05]} 27. a5 {[%emt 0:00:10]} Bf6
{[%emt 0:00:04]} 28. Rc5 {[%emt 0:00:07]} Qd7 {[%emt 0:00:01]} 29. Rc7 {[%emt
0:00:03]} Qd5 {[%emt 0:00:02]} 30. c3 {[%emt 0:00:13]} Rd8 {[%emt 0:00:03]} 31.
Nf3 {[%emt 0:00:10]} Qd1+ {[%emt 0:00:03]} 32. Kh2 {[%emt 0:00:15]} Ba8 {[%emt
0:00:05]} 33. Nd4 {[%emt 0:00:18]} h6 {[%emt 0:00:04]} 34. Ra7 {[%emt 0:00:10]}
Re8 {[%emt 0:00:06]} 35. Rxa6 {[%emt 0:00:07]} e5 {[%emt 0:00:07]} 36. Qe2 {
[%emt 0:00:14]} Qb1 {[%emt 0:00:26] '} 37. Ra7 {[%emt 0:00:17]} e4 {[%emt 0:00:
08]} 38. Qe3 {[%emt 0:00:06]} Qd3 {[%emt 0:00:02]} 39. Qxd3 {[%emt 0:00:01]}
exd3 {[%emt 0:00:01]} 40. Nf3 {[%emt 0:00:02]} Bxf3 {[%emt 0:00:03]} 41. gxf3 {
[%emt 0:00:01]} Rd8 {[%emt 0:00:01]} 42. Bxd8 {[%emt 0:00:01]} Bxd8 {[%emt 0:
00:03]} 43. Rd7 {[%emt 0:00:01]} Bxa5 {[%emt 0:00:04]} 44. Kg2 {[%emt 0:00:01]}
Kf8 {[%emt 0:00:02]} 45. Kf2 {[%emt 0:00:01]} Ke8 {[%emt 0:00:01]} 46. Rd4 {
[%emt 0:00:01]} Bb6 {[%emt 0:00:02]} 47. Ke3 {[%emt 0:00:01]} Bxd4+ {[%emt 0:
00:02]} 48. cxd4 {[%emt 0:00:00]} Kd7 {[%emt 0:00:01]} 49. Kd2 {[%emt 0:00:01]}
Kd6 {[%emt 0:00:02]} 50. Kc3 {[%emt 0:00:00]} Kd5 {[%emt 0:00:02]} 51. h4 {
[%emt 0:00:04]} g6 {[%emt 0:00:02]} 52. b3 {[%emt 0:00:06]} cxb3 {[%emt 0:00:
02]} 53. Kxb3 {[%emt 0:00:02]} Kxd4 {[%emt 0:00:01]} 54. Kb4 {[%emt 0:00:01]}
Ke3 {[%emt 0:00:02]} 55. Kc5 {[%emt 0:00:01]} d2 {[%emt 0:00:01]} 56. Kd5 {
[%emt 0:00:00]} d1=Q+ {[%emt 0:00:02] Torre repetto 2 rinde} 0-1

[Event "Villarobledo Online Qualifyer"]
[Site "playchess.com #155672"]
[Date "2009.05.23"]
[Round "13"]
[White "Orzechowski_Jac"]
[Black "Novoselski"]
[Result "0-1"]
[WhiteElo "2267"]
[BlackElo "2514"]
[PlyCount "106"]
[EventDate "2009.05.23"]
[EventType "swiss (blitz)"]

1. c4 {[%emt 0:00:08] Orzechowski_Jac proponuje remis} e6 {[%emt 0:00:07]} 2.
Nc3 {[%emt 0:00:01]} f5 {[%emt 0:00:02]} 3. g3 {[%emt 0:00:02]} Nf6 {[%emt 0:
00:01]} 4. Bg2 {[%emt 0:00:01]} Be7 {[%emt 0:00:01]} 5. d3 {[%emt 0:00:01]} O-O
{[%emt 0:00:01]} 6. e4 {[%emt 0:00:01]} fxe4 {[%emt 0:00:02]} 7. dxe4 {[%emt 0:
00:01]} e5 {[%emt 0:00:01]} 8. Nge2 {[%emt 0:00:02]} c5 {[%emt 0:00:01]} 9. O-O
{[%emt 0:00:13]} Nc6 {[%emt 0:00:01]} 10. Nd5 {[%emt 0:00:07]} d6 {[%emt 0:00:
03]} 11. Nxf6+ {[%emt 0:00:10]} Bxf6 {[%emt 0:00:02]} 12. Nc3 {[%emt 0:00:01]}
Be6 {[%emt 0:00:02]} 13. Nd5 {[%emt 0:00:06]} Nd4 {[%emt 0:00:03]} 14. Be3 {
[%emt 0:00:08]} Bg5 {[%emt 0:00:02]} 15. f4 {[%emt 0:00:20]} Bxd5 {[%emt 0:00:
14]} 16. cxd5 {[%emt 0:00:27]} Bh6 {[%emt 0:00:16]} 17. Qd2 {[%emt 0:00:07]}
Qb6 {[%emt 0:00:22]} 18. Rab1 {[%emt 0:00:42]} Rae8 {[%emt 0:00:03]} 19. f5 {
[%emt 0:00:20]} Bxe3+ {[%emt 0:00:05]} 20. Qxe3 {[%emt 0:00:00]} Qa6 {[%emt 0:
00:03]} 21. a3 {[%emt 0:00:06]} Qe2 {[%emt 0:00:10]} 22. Qg5 {[%emt 0:00:07]}
Rf6 {[%emt 0:00:05]} 23. Rfe1 {[%emt 0:00:07]} h6 {[%emt 0:00:04]} 24. Qh4 {
[%emt 0:00:10]} Qd2 {[%emt 0:00:05]} 25. Qg4 {[%emt 0:00:05]} Kh7 {[%emt 0:00:
10]} 26. h4 {[%emt 0:00:06]} Rg8 {[%emt 0:00:04]} 27. h5 {[%emt 0:00:02]} Qg5 {
[%emt 0:00:02]} 28. Qxg5 {[%emt 0:00:06]} hxg5 {[%emt 0:00:00]} 29. g4 {[%emt
0:00:02]} b5 {[%emt 0:00:02]} 30. Kf2 {[%emt 0:00:02]} a5 {[%emt 0:00:04]} 31.
Bf1 {[%emt 0:00:01]} a4 {[%emt 0:00:03]} 32. Bd3 {[%emt 0:00:03]} c4 {[%emt 0:
00:03]} 33. Be2 {[%emt 0:00:03]} Rc8 {[%emt 0:00:01]} 34. Rec1 {[%emt 0:00:01]}
Rf7 {[%emt 0:00:02]} 35. Rc3 {[%emt 0:00:01]} Rfc7 {[%emt 0:00:06]} 36. Rh1 {
[%emt 0:00:02]} Kh6 {[%emt 0:00:02]} 37. Ke3 {[%emt 0:00:03]} Rb8 {[%emt 0:00:
20] '} 38. Rhc1 {[%emt 0:00:03]} Rcb7 {[%emt 0:00:02]} 39. Bf1 {[%emt 0:00:04]}
Nb3 {[%emt 0:00:02]} 40. R1c2 {[%emt 0:00:02]} Na5 {[%emt 0:00:02]} 41. Rc1 {
[%emt 0:00:02]} b4 {[%emt 0:00:04]} 42. axb4 {[%emt 0:00:01]} Rxb4 {[%emt 0:00:
00]} 43. R1c2 {[%emt 0:00:04]} Rxb2 {[%emt 0:00:08]} 44. Bxc4 {[%emt 0:00:03]}
a3 {[%emt 0:00:07]} 45. Ba2 {[%emt 0:00:05]} R8b4 {[%emt 0:00:19]} 46. Kd2 {
[%emt 0:00:01]} Rxc2+ {[%emt 0:00:03]} 47. Rxc2 {[%emt 0:00:02]} Rxe4 {[%emt 0:
00:01]} 48. Rc8 {[%emt 0:00:01]} Kh7 {[%emt 0:00:03]} 49. Ra8 {[%emt 0:00:02]}
Nc4+ {[%emt 0:00:02]} 50. Bxc4 {[%emt 0:00:02]} Rxc4 {[%emt 0:00:01]} 51. Rxa3
{[%emt 0:00:00]} Rd4+ {[%emt 0:00:01]} 52. Rd3 {[%emt 0:00:02]} Rxg4 {[%emt 0:
00:01]} 53. Kc3 {[%emt 0:00:03]} Rf4 {[%emt 0:00:03] Orzechowski_Jac poddaje
siê} 0-1

[Event "Villarobledo Online Qualifyer"]
[Site "playchess.com #155672"]
[Date "2009.05.23"]
[Round "13"]
[White "Ozmarabagi"]
[Black "Maguljica"]
[Result "1/2-1/2"]
[WhiteElo "1969"]
[BlackElo "2237"]
[PlyCount "111"]
[EventDate "2009.05.23"]
[EventType "swiss (blitz)"]

1. e4 {[%emt 0:00:16]} c5 {[%emt 0:00:01]} 2. Nf3 {[%emt 0:00:08]} d6 {[%emt 0:
00:02]} 3. d4 {[%emt 0:00:07]} cxd4 {[%emt 0:00:00]} 4. Nxd4 {[%emt 0:00:05]}
Nf6 {[%emt 0:00:01]} 5. Nc3 {[%emt 0:00:04]} Bd7 {[%emt 0:00:00]} 6. Bg5 {
[%emt 0:00:04]} e6 {[%emt 0:00:02]} 7. Be2 {[%emt 0:00:04]} a6 {[%emt 0:00:08]}
8. O-O {[%emt 0:00:07] Ozmarabagi ofrece tablas} Nc6 {[%emt 0:00:10]} 9. Nf3 {
[%emt 0:00:07]} h6 {[%emt 0:00:06]} 10. Bh4 {[%emt 0:00:07]} Qc7 {[%emt 0:00:
36]} 11. Bxf6 {[%emt 0:00:06]} gxf6 {[%emt 0:00:00]} 12. Qd2 {[%emt 0:00:12]}
Be7 {[%emt 0:00:08]} 13. Rad1 {[%emt 0:00:06]} Ne5 {[%emt 0:00:07]} 14. Nd4 {
[%emt 0:00:05]} Rc8 {[%emt 0:00:05]} 15. Rfe1 {[%emt 0:00:06]} Nc4 {[%emt 0:00:
05]} 16. Bxc4 {[%emt 0:00:05]} Qxc4 {[%emt 0:00:00] Ozmarabagi ofrece tablas}
17. a3 {[%emt 0:00:09]} b5 {[%emt 0:00:05]} 18. Nf3 {[%emt 0:00:07]} a5 {[%emt
0:00:14]} 19. e5 {[%emt 0:00:05]} b4 {[%emt 0:00:32]} 20. Ne4 {[%emt 0:00:10]}
Qxc2 {[%emt 0:00:05]} 21. Nxd6+ {[%emt 0:00:08]} Bxd6 {[%emt 0:00:02]} 22. Qxd6
{[%emt 0:00:06]} Qc6 {[%emt 0:00:14] Ozmarabagi ofrece tablas} 23. exf6 {[%emt
0:00:20]} Qxd6 {[%emt 0:00:05]} 24. Rxd6 {[%emt 0:00:01]} Rc6 {[%emt 0:00:07]}
25. Rd3 {[%emt 0:00:08]} Rc8 {[%emt 0:00:22]} 26. axb4 {[%emt 0:00:10]} axb4 {
[%emt 0:00:00]} 27. Red1 {[%emt 0:00:06]} Bc6 {[%emt 0:00:08]} 28. Ne5 {[%emt
0:00:03]} Bd5 {[%emt 0:00:03]} 29. Ng4 {[%emt 0:00:08]} h5 {[%emt 0:00:02]} 30.
Ne3 {[%emt 0:00:01]} Bc6 {[%emt 0:00:06]} 31. Rd6 {[%emt 0:00:04]} Rg8 {[%emt
0:00:03]} 32. g3 {[%emt 0:00:03]} Rg6 {[%emt 0:00:06]} 33. Rc1 {[%emt 0:00:05]}
Bb7 {[%emt 0:00:01]} 34. Rxc8+ {[%emt 0:00:03]} Bxc8 {[%emt 0:00:00]} 35. Rb6 {
[%emt 0:00:01]} Rxf6 {[%emt 0:00:01]} 36. Rxb4 {[%emt 0:00:01]} Bd7 {[%emt 0:
00:01]} 37. Kg2 {[%emt 0:00:05]} Bc6+ {[%emt 0:00:01]} 38. Kg1 {[%emt 0:00:04]}
Ke7 {[%emt 0:00:02]} 39. Rc4 {[%emt 0:00:02]} Kd6 {[%emt 0:00:01]} 40. Rc3 {
[%emt 0:00:02]} Bd5 {[%emt 0:00:01]} 41. b4 {[%emt 0:00:01]} Rg6 {[%emt 0:00:
03]} 42. Nxd5 {[%emt 0:00:01]} exd5 {[%emt 0:00:01] Ozmarabagi ofrece tablas}
43. b5 {[%emt 0:00:05]} Ke5 {[%emt 0:00:01]} 44. Rc6 {[%emt 0:00:02]} Rxc6 {
[%emt 0:00:02]} 45. bxc6 {[%emt 0:00:01]} Kd6 {[%emt 0:00:00]} 46. f3 {[%emt 0:
00:07]} Kxc6 {[%emt 0:00:01]} 47. h4 {[%emt 0:00:04]} f5 {[%emt 0:00:01]} 48.
g4 {[%emt 0:00:01]} fxg4 {[%emt 0:00:01]} 49. fxg4 {[%emt 0:00:01]} Kd6 {[%emt
0:00:07]} 50. g5 {[%emt 0:00:02]} Ke5 {[%emt 0:00:02]} 51. Kf2 {[%emt 0:00:01]}
Kf5 {[%emt 0:00:01]} 52. Ke3 {[%emt 0:00:01]} Ke5 {[%emt 0:00:07]} 53. Kd3 {
[%emt 0:00:01]} Kf5 {[%emt 0:00:03]} 54. Ke3 {[%emt 0:00:01]} Ke5 {[%emt 0:00:
01]} 55. Kd3 {[%emt 0:00:02]} Kf5 {[%emt 0:00:01]} 56. Ke3 {[%emt 0:00:02]}
1/2-1/2

[Event "Villarobledo Online Qualifyer"]
[Site "playchess.com #155672"]
[Date "2009.05.23"]
[Round "13"]
[White "Burim999"]
[Black "Antlew3"]
[Result "1-0"]
[WhiteElo "1602"]
[BlackElo "1699"]
[PlyCount "135"]
[EventDate "2009.05.23"]
[EventType "swiss (blitz)"]

1. d4 {[%emt 0:00:03]} g6 {[%emt 0:00:02]} 2. c4 {[%emt 0:00:02]} Bg7 {[%emt 0:
00:01]} 3. Nc3 {[%emt 0:00:01]} b6 {[%emt 0:00:01]} 4. e3 {[%emt 0:00:01]} Bb7
{[%emt 0:00:01]} 5. Nf3 {[%emt 0:00:01]} e6 {[%emt 0:00:01]} 6. Be2 {[%emt 0:
00:01]} Ne7 {[%emt 0:00:01] Burim999 bietet Remis} 7. O-O {[%emt 0:00:06]} O-O
{[%emt 0:00:01]} 8. e4 {[%emt 0:00:04]} f5 {[%emt 0:00:02]} 9. e5 {[%emt 0:00:
03]} Na6 {[%emt 0:00:03]} 10. Bf4 {[%emt 0:00:03]} h6 {[%emt 0:00:02]} 11. h4 {
[%emt 0:00:03]} Kh7 {[%emt 0:00:03]} 12. Qd2 {[%emt 0:00:01]} Ng8 {[%emt 0:00:
02]} 13. Nh2 {[%emt 0:00:02]} Qxh4 {[%emt 0:00:04]} 14. Bg3 {[%emt 0:00:05]}
Qe7 {[%emt 0:00:07]} 15. a3 {[%emt 0:00:03]} g5 {[%emt 0:00:02]} 16. f3 {[%emt
0:00:04]} Rf7 {[%emt 0:00:14]} 17. Bd3 {[%emt 0:00:02]} Raf8 {[%emt 0:00:04]}
18. Ng4 {[%emt 0:00:02]} Kh8 {[%emt 0:00:05]} 19. Nf2 {[%emt 0:00:05]} h5 {
[%emt 0:00:08]} 20. Nh3 {[%emt 0:00:03]} Bh6 {[%emt 0:00:01]} 21. Qe2 {[%emt 0:
00:03]} g4 {[%emt 0:00:08]} 22. fxg4 {[%emt 0:00:06]} hxg4 {[%emt 0:00:01]} 23.
Nf4 {[%emt 0:00:04]} Bxf4 {[%emt 0:00:04]} 24. Bxf4 {[%emt 0:00:01]} Qh4 {
[%emt 0:00:02]} 25. Qf2 {[%emt 0:00:09]} Rh7 {[%emt 0:00:11]} 26. Qxh4 {[%emt
0:00:02]} Rxh4 {[%emt 0:00:01]} 27. Kf2 {[%emt 0:00:07]} Rf7 {[%emt 0:00:09]}
28. d5 {[%emt 0:00:05]} Nc5 {[%emt 0:00:06]} 29. Bc2 {[%emt 0:00:06]} Rfh7 {
[%emt 0:00:05]} 30. b4 {[%emt 0:00:03]} Na6 {[%emt 0:00:09]} 31. Rad1 {[%emt 0:
00:08]} Nh6 {[%emt 0:00:08]} 32. Rh1 {[%emt 0:00:04]} Nf7 {[%emt 0:00:06]} 33.
Rxh4 {[%emt 0:00:11]} Rxh4 {[%emt 0:00:02]} 34. Kg3 {[%emt 0:00:02]} Rh7 {
[%emt 0:00:03]} 35. Nb5 {[%emt 0:00:09]} Kg7 {[%emt 0:00:12]} 36. Nxa7 {[%emt
0:00:04]} Kf8 {[%emt 0:00:06]} 37. Nb5 {[%emt 0:00:02]} Ke7 {[%emt 0:00:03]}
38. Bd3 {[%emt 0:00:12]} c6 {[%emt 0:00:09]} 39. d6+ {[%emt 0:00:10]} Kd8 {
[%emt 0:00:03]} 40. Nc3 {[%emt 0:00:02]} Nb8 {[%emt 0:00:09]} 41. Na4 {[%emt 0:
00:02]} b5 {[%emt 0:00:05]} 42. cxb5 {[%emt 0:00:03]} cxb5 {[%emt 0:00:01]} 43.
Bxb5 {[%emt 0:00:02]} Nc6 {[%emt 0:00:03]} 44. Bxc6 {[%emt 0:00:04]} Bxc6 {
[%emt 0:00:01]} 45. Nc5 {[%emt 0:00:03]} Kc8 {[%emt 0:00:01]} 46. a4 {[%emt 0:
00:01]} Bd5 {[%emt 0:00:05]} 47. a5 {[%emt 0:00:04]} Nd8 {[%emt 0:00:05]} 48.
b5 {[%emt 0:00:02]} Kb8 {[%emt 0:00:02]} 49. a6 {[%emt 0:00:06]} Ka7 {[%emt 0:
00:02]} 50. Rb1 {[%emt 0:00:01]} Kb6 {[%emt 0:00:03]} 51. Be3 {[%emt 0:00:08]}
Ka7 {[%emt 0:00:12]} 52. Nxe6+ {[%emt 0:00:04]} Ka8 {[%emt 0:00:03]} 53. Nxd8 {
[%emt 0:00:01]} Rh8 {[%emt 0:00:05]} 54. Nb7 {[%emt 0:00:07]} Bxb7 {[%emt 0:00:
12]} 55. axb7+ {[%emt 0:00:01]} Kxb7 {[%emt 0:00:00]} 56. Ra1 {[%emt 0:00:01]}
Re8 {[%emt 0:00:13]} 57. Ra7+ {[%emt 0:00:03]} Kb8 {[%emt 0:00:01]} 58. Rxd7 {
[%emt 0:00:11]} Rxe5 {[%emt 0:00:02]} 59. Re7 {[%emt 0:00:05]} Rxb5 {[%emt 0:
00:02]} 60. d7 {[%emt 0:00:03]} Kc7 {[%emt 0:00:01]} 61. Bf4+ {[%emt 0:00:04]}
Kd8 {[%emt 0:00:01]} 62. Rf7 {[%emt 0:00:02]} Rb3+ {[%emt 0:00:04]} 63. Kh4 {
[%emt 0:00:06]} Rb2 {[%emt 0:00:04]} 64. Bg5+ {[%emt 0:00:02]} Kc7 {[%emt 0:00:
05]} 65. d8=Q+ {[%emt 0:00:02]} Kc6 {[%emt 0:00:00]} 66. Rc7+ {[%emt 0:00:02]}
Kb5 {[%emt 0:00:01]} 67. Qb8+ {[%emt 0:00:01]} Ka4 {[%emt 0:00:01]} 68. Ra7# {
[%emt 0:00:01]} 1-0